| 000 | 05848cam a2201381 4500 | ||
|---|---|---|---|
| 001 | J3370 | ||
| 008 | 090401t1995 xxu||||| |||| 00| 0 eng d | ||
| 035 | _a(Sirsi) u54716 | ||
| 041 | _aeng | ||
| 050 |
_a333.72 _c18 |
||
| 110 |
_aCommonwealth Association of Surveying and Land Economy _92570 |
||
| 245 |
_aHarare technical sessions papers, August 1995 _bsustainable development _ccounting the cost - maximising the value |
||
| 260 |
_a[S.l.] _bCASLE _c1995 |
||
| 300 |
_aca. 450p. _c30cm. |
||
| 350 | _a0 | ||
| 505 | _aCattle production in the communal areas of Zimbabwe: a case of property rights | ||
| 505 | _aLand management institutions and property market efficiency: the case of Accra, Ghana | ||
| 505 | _aPrivate sector involvement in supply and management of protected areas | ||
| 505 | _aEnvironmental improvement through environmental partnership | ||
| 505 | _aExtension of the construction period on building contracts: counting the cost | ||
| 505 | _aLow level registries | ||
| 505 | _aSustainable development supported by land reform | ||
| 505 | _aPlanning in protected areas: the New Zealand experience | ||
| 505 | _aLeisure land use: sustainable development | ||
| 505 | _aThe scope and limits to sustainable development in Africa's built environment sector | ||
| 505 | _aThe education and sustainability paradox | ||
| 505 | _aEnhancing education for sustainable development: educational change and methods of delivery | ||
| 505 | _aExamining the relationship between the national South African cadestre | ||
| 505 | _aMultiple rationality analysis: an approach to reconciling the competing interests associated with housing renewal schemes | ||
| 505 | _aUrban land management in Botswana, Lesotho and Swaziland | ||
| 505 | _aAdjudication: information, law, democracy | ||
| 505 | _aHow to provide secure tenure to informal urban settlers | ||
| 505 | _aLand information system in Poland for land management | ||
| 505 | _aInnovation and quality in built environment education | ||
| 505 | _aProtecting property rights while reconstructing society | ||
| 505 | _aNew Zealand's Resource Management Act, a blueprint for sustainable management | ||
| 505 | _aAn examination of the role of property taxation in the urban development process | ||
| 505 | _aLand information management and sustainable development: a valuers perspective | ||
| 505 | _aSustainable land management and the chartered surveyor: business versus the environment? | ||
| 505 | _aContract documentation for building work in South Africa: its sustainability and adaptability for use in Africa | ||
| 505 | _aSustainable tourism development in Zanzibar | ||
| 505 | _aDeveloping a framework for a social audit in organisations in the civil engineering and construction industries | ||
| 505 | _aCost effective promotional strategies for small firms in developing countries | ||
| 505 | _aIndustrial and business park development and its prospects in Malaysia | ||
| 505 | _aThe residential land development process in South Africa | ||
| 505 | _aSustainable development: the total systems intervention approach | ||
| 505 | _aConsiderations on sustainable urban management: the case of Dar-es-Salaam | ||
| 505 | _aLand management development in Zanzibar | ||
| 505 | _aPrivatised infrastructure: the build/operate/transfer approach | ||
| 505 | _aMaintenance management in rural areas in rural areas in developing countries | ||
| 505 | _aFacilities management for optimum resource use in the management of buildings | ||
| 505 | _aLife cycle cost management as a support system for total quality management | ||
| 505 | _aSustainablity of land reigstration in an African context | ||
| 505 | _aThe future of the surveying profession in southern Africa | ||
| 505 | _aProperty education in the changing South Africa | ||
| 650 | _aAFRICA | ||
| 650 | _aGHANA | ||
| 650 | _aZIMBABWE | ||
| 650 | _aZANZIBAR | ||
| 650 | _aNEW ZEALAND | ||
| 650 | _aMALAYSIA | ||
| 650 | _aDAR-ES-SALAAM | ||
| 650 | _aREPUBLIC OF SOUTH AFRICA | ||
| 650 | _aLESOTHO | ||
| 650 | _aBOTSWANA | ||
| 650 | _aSWAZILAND | ||
| 690 | _aBUILT ENVIRONMENT | ||
| 690 | _aENVIRONMENTAL AND LAND CONSULTANCY-SUSTAINABILITY-SUSTAINABLE DEVELOPMENT | ||
| 690 | _aPROPERTY | ||
| 700 | _aAlderson, Michael | ||
| 700 | _aAntwi, Adarkwah | ||
| 700 | _aKeogh, Geoffrey | ||
| 700 | _aBennett, Jeff | ||
| 700 | _aBlake, R. N. E. | ||
| 700 | _aBrummer, D. G. | ||
| 700 | _aBuckley, Robin | ||
| 700 | _aBullard, Richard K | ||
| 700 | _aCoutts, Brian J. | ||
| 700 | _aDeddis, William | ||
| 700 | _aEbohan, O. J. | ||
| 700 | _aEccles, Tim | ||
| 700 | _aEnemark, Stig | ||
| 700 | _aEsi Fiadzigbey, Matilda | ||
| 700 | _aFourie, Clarissa | ||
| 700 | _aHillermann, R. | ||
| 700 | _aGarnett, David | ||
| 700 | _aGregory, Tony | ||
| 700 | _aHaldrup, Niels Otto | ||
| 700 | _aHojgaard, P. D. | ||
| 700 | _aChristensen, S. F. | ||
| 700 | _aHopfer, Andrzej | ||
| 700 | _aJagger, David | ||
| 700 | _aMorgan, Peter | ||
| 700 | _aKeightley, Raylene | ||
| 700 | _aLow, Roger | ||
| 700 | _aMcCluskey, William | ||
| 700 | _aMcDermott, Michael | ||
| 700 | _aMarkwell, Susan | ||
| 700 | _aRavenscroft, Neil | ||
| 700 | _aMaritz, M. J. | ||
| 700 | _aMohammed, Mohammed Adam | ||
| 700 | _aPreece, C. | ||
| 700 | _aMoodley, K. | ||
| 700 | _aRahman, Rosdi Ab | ||
| 700 | _aRivett-Carnac, E. S. | ||
| 700 | _aRwelamila, P. D. | ||
| 700 | _aSaravia Madrigal, Manuel | ||
| 700 | _aJuma, Shaibu Yussuf | ||
| 700 | _aSmith, Adrian | ||
| 700 | _aSpedding, Alan | ||
| 700 | _aStevens, A. J. | ||
| 700 | _aTorhonen, Mika | ||
| 700 | _aWaters, H. R. | ||
| 700 | _aWhite, Martin J. | ||
| 710 | _aFederation International Des Geometres | ||
| 942 | _n0 | ||
| 948 | _c04/03/1997 | ||
| 999 |
_c93496 _d93496 |
||